<?xml version="1.0" encoding="UTF-8"?>
<record
    xmlns:xsi="http://www.w3.org/2001/XMLSchema-instance"
    xsi:schemaLocation="http://www.loc.gov/MARC21/slim http://www.loc.gov/standards/marcxml/schema/MARC21slim.xsd"
    xmlns="http://www.loc.gov/MARC21/slim">

  <leader>00242nam a2200097Ia 4500</leader>
  <controlfield tag="008">230915s9999    xx            000 0 und d</controlfield>
  <datafield tag="050" ind1=" " ind2=" ">
    <subfield code="a">KD 1715 .P75 2017</subfield>
  </datafield>
  <datafield tag="100" ind1=" " ind2=" ">
    <subfield code="a">CRANSTON,ROSS et.al.</subfield>
  </datafield>
  <datafield tag="245" ind1=" " ind2="0">
    <subfield code="a">PRINCIPLES OF BANKING LAW</subfield>
  </datafield>
  <datafield tag="942" ind1=" " ind2=" ">
    <subfield code="c">BK</subfield>
  </datafield>
  <datafield tag="999" ind1=" " ind2=" ">
    <subfield code="c">162667</subfield>
    <subfield code="d">162667</subfield>
  </datafield>
  <datafield tag="952" ind1=" " ind2=" ">
    <subfield code="0">0</subfield>
    <subfield code="1">0</subfield>
    <subfield code="2">lcc</subfield>
    <subfield code="4">0</subfield>
    <subfield code="7">0</subfield>
    <subfield code="8">LAW</subfield>
    <subfield code="a">KSUL</subfield>
    <subfield code="b">KSUL</subfield>
    <subfield code="d">2023-09-15</subfield>
    <subfield code="i">100808</subfield>
    <subfield code="l">0</subfield>
    <subfield code="o">KD1715 .P75 2017</subfield>
    <subfield code="p">000000004011</subfield>
    <subfield code="r">2023-09-15 12:10:54</subfield>
    <subfield code="t">5</subfield>
    <subfield code="w">2023-09-15</subfield>
    <subfield code="y">BK</subfield>
  </datafield>
  <datafield tag="952" ind1=" " ind2=" ">
    <subfield code="0">0</subfield>
    <subfield code="1">0</subfield>
    <subfield code="2">lcc</subfield>
    <subfield code="4">0</subfield>
    <subfield code="7">0</subfield>
    <subfield code="8">LAW</subfield>
    <subfield code="a">KSUL</subfield>
    <subfield code="b">KSUL</subfield>
    <subfield code="d">2023-09-15</subfield>
    <subfield code="i">96072</subfield>
    <subfield code="l">0</subfield>
    <subfield code="o">KD1715 .P75 2017</subfield>
    <subfield code="p">043435</subfield>
    <subfield code="r">2023-09-15 12:10:54</subfield>
    <subfield code="t">4</subfield>
    <subfield code="w">2023-09-15</subfield>
    <subfield code="y">BK</subfield>
  </datafield>
  <datafield tag="952" ind1=" " ind2=" ">
    <subfield code="0">0</subfield>
    <subfield code="1">0</subfield>
    <subfield code="2">lcc</subfield>
    <subfield code="4">0</subfield>
    <subfield code="7">0</subfield>
    <subfield code="8">LAW</subfield>
    <subfield code="a">KSUL</subfield>
    <subfield code="b">KSUL</subfield>
    <subfield code="d">2023-09-15</subfield>
    <subfield code="i">100809</subfield>
    <subfield code="l">1</subfield>
    <subfield code="o">KD1715 .P75 2017</subfield>
    <subfield code="p">000000004010</subfield>
    <subfield code="r">2025-12-15 10:07:15</subfield>
    <subfield code="s">2025-12-04</subfield>
    <subfield code="t">6</subfield>
    <subfield code="w">2023-09-15</subfield>
    <subfield code="y">BK</subfield>
  </datafield>
  <datafield tag="952" ind1=" " ind2=" ">
    <subfield code="0">0</subfield>
    <subfield code="1">0</subfield>
    <subfield code="2">lcc</subfield>
    <subfield code="4">0</subfield>
    <subfield code="7">0</subfield>
    <subfield code="8">LAW</subfield>
    <subfield code="a">KSUL</subfield>
    <subfield code="b">KSUL</subfield>
    <subfield code="d">2023-10-18</subfield>
    <subfield code="i">00030467</subfield>
    <subfield code="l">0</subfield>
    <subfield code="o">KD 1715 . C73 2003</subfield>
    <subfield code="p">023359</subfield>
    <subfield code="r">2023-10-18 11:50:39</subfield>
    <subfield code="t">C.4</subfield>
    <subfield code="w">2023-10-18</subfield>
    <subfield code="y">BK</subfield>
  </datafield>
  <datafield tag="952" ind1=" " ind2=" ">
    <subfield code="0">0</subfield>
    <subfield code="1">0</subfield>
    <subfield code="2">lcc</subfield>
    <subfield code="4">0</subfield>
    <subfield code="7">0</subfield>
    <subfield code="8">LAW</subfield>
    <subfield code="a">KSUL</subfield>
    <subfield code="b">KSUL</subfield>
    <subfield code="d">2023-11-30</subfield>
    <subfield code="i">100810</subfield>
    <subfield code="l">1</subfield>
    <subfield code="o">KD1715 .P75 2017</subfield>
    <subfield code="p">000000004009</subfield>
    <subfield code="r">2025-12-06 09:15:51</subfield>
    <subfield code="s">2025-12-04</subfield>
    <subfield code="t">7</subfield>
    <subfield code="w">2023-11-30</subfield>
    <subfield code="y">BK</subfield>
  </datafield>
  <datafield tag="952" ind1=" " ind2=" ">
    <subfield code="0">0</subfield>
    <subfield code="1">0</subfield>
    <subfield code="2">lcc</subfield>
    <subfield code="4">0</subfield>
    <subfield code="7">0</subfield>
    <subfield code="8">LAW</subfield>
    <subfield code="a">KSUL</subfield>
    <subfield code="b">KSUL</subfield>
    <subfield code="d">2023-11-30</subfield>
    <subfield code="i">100811</subfield>
    <subfield code="l">1</subfield>
    <subfield code="o">KD1715 .P75 2017</subfield>
    <subfield code="p">000000004008</subfield>
    <subfield code="r">2025-09-08 12:49:53</subfield>
    <subfield code="s">2025-09-03</subfield>
    <subfield code="t">8</subfield>
    <subfield code="w">2023-11-30</subfield>
    <subfield code="y">BK</subfield>
  </datafield>
</record>
